000 00588nam a2200241 a 4500
001 nice12345678
003 IN_TiNIC
005 20260116012203.0
008 050524s1913 egya grp 000 0 ara
020 _a
_c100
082 0 0 _a297.1227
_bBUK
100 _aBukhari, Imam
245 _aSahih Bukhari
260 _aEgypt
_bAamira Press
_c1913
500 _aincludes index and biblioraphy
505 2 _aIndex
505 2 _aIndex00
_gV1.
_tSahih Bukhari.--
_gV2.
_tSahih
650 _aHadith-Bukhari
700 1 _aBukhari, Imam
902 _bRBA
942 _cBK
999 _c5998
_d5998